|
|
|
|
| LEADER |
00838ncm a22002412a 4500 |
| 001 |
001233721 |
| 003 |
CZ BrMZK |
| 005 |
20120724105714.0 |
| 007 |
qu |
| 008 |
120724s1924 xr |||||||||||||||||cze d |
| 040 |
|
|
|a BOA001
|b cze
|
| 072 |
|
7 |
|a 784
|x Vokální hudba
|2 Konspekt
|9 9
|
| 100 |
1 |
|
|a Gollwell, John,
|d 1893-1953
|7 jk01032528
|4 cmp
|
| 245 |
1 |
0 |
|a Radio
|h [hudebnina] :
|b shimmy : z revue: Mars o nás ví! /
|c John Gollwell ; (slova napsal Gersten a Jurist)
|
| 260 |
|
|
|a Praha :
|b J. Gollwell,
|c 1924
|
| 300 |
|
|
|a 5 s.
|
| 500 |
|
|
|a Zpěv a klavír
|
| 700 |
1 |
|
|a Gersten, Karel,
|d 1887-1962
|7 jo2011636563
|4 lyr
|
| 700 |
1 |
|
|a Jurist, Rudolf,
|d 1880-1966
|7 jk01052245
|4 lyr
|
| 910 |
|
|
|a BOA001
|b Mus4-0600.988
|
| 990 |
|
|
|a MU
|
| 991 |
|
|
|b 201207
|
| 996 |
6 |
|
|b 2619093812
|c Mus4-0600.988
|l MZK
|r Sklad / do 1 hodiny
|n 0
|w 001267628
|u 000010
|a 1
|e BOA001
|j MZK50
|s P
|